000 00426nam a22001337a 4500
020 _a9781559634038
082 _a333.95 ALC
100 _aAlcamo, Joseph.
245 _aEcosystems and human well being :
_ba framework for assessment
_c/ by Joseph Alcamo and et. al.
260 _aWashington D.C. :
_bIsland Press,
_c2003.
300 _axiv, 245 p.
650 _aEcosystems--human; well--being; framework--assessment.
942 _cBK
999 _c7446
_d7446